000 00276nam a2200121Ia 4500
008 220204s9999 xx 000 0 und d
082 _a624
_bKHU
100 _aKhurmi, R S
245 0 _aTheory of structures
250 _a3
260 _aNew Delhi
_bS Chand
_c1977
942 _cBK
999 _c26698
_d26698